[Event "Fide Grand Prix Astrakhan 2010"]
[Site "Astrakhan RUS"]
[Date "2010.05.12"]
[Round "3.6"]
[White "Inarkiev, Ernesto"]
[Black "Leko, Peter"]
[Result "1/2-1/2"]
[WhiteElo "2669"]
[BlackElo "2735"]
[PlyCount "112"]
[EventDate "2010.05.10"]
[EventType "tourn"]
[EventRounds "13"]
[EventCountry "RUS"]
[EventCategory "20"]
[Source "lmi"]
[SourceDate "2010.05.10"]

1. e4 e5 2. Nf3 Nc6 3. Bb5 a6 4. Ba4 Nf6 5. O-O b5 6. Bb3 Bc5 7. c3 d6 8. a4
Rb8 9. d4 Bb6 10. Na3 O-O 11. axb5 axb5 12. Nxb5 Bg4 13. Bc2 exd4 14. Nbxd4
Nxd4 15. cxd4 Bxf3 16. gxf3 Nh5 17. Ra4 Qf6 18. Be3 g6 19. Kh1 Ra8 20. b3 Nf4
21. Rg1 Rxa4 22. bxa4 Ne6 23. d5 Bxe3 24. dxe6 Bc5 25. exf7+ Kxf7 26. Qd5+ Kg7
27. e5 Qxf3+ 28. Qxf3 Rxf3 29. exd6 cxd6 30. Rf1 Rc3 31. Bd1 d5 32. Kg2 d4 33.
Bf3 Kf6 34. Rd1 Kf5 35. Bb7 Ra3 36. Rc1 Bd6 37. Rc4 Be5 38. h3 d3 39. Kf3 d2+
40. Ke2 Bf4 41. Be4+ Ke5 42. Bc2 g5 43. h4 h6 44. hxg5 hxg5 45. Rb4 Rh3 46. a5
Rh1 47. Rb1 Rc1 48. Rb5+ Kd4 49. Bd1 Kc4 50. Rb6 Kc5 51. Re6 Kb5 52. a6 Ra1 53.
Rg6 Kc5 54. Re6 Kb5 55. Rg6 Rxa6 56. Rxa6 Kxa6 1/2-1/2

[Event "Fide Grand Prix Astrakhan 2010"]
[Site "Astrakhan RUS"]
[Date "2010.05.13"]
[Round "4.6"]
[White "Eljanov, Pavel"]
[Black "Gashimov, Vugar"]
[Result "1/2-1/2"]
[WhiteElo "2751"]
[BlackElo "2734"]
[PlyCount "122"]
[EventDate "2010.05.10"]
[EventType "tourn"]
[EventRounds "13"]
[EventCountry "RUS"]
[EventCategory "20"]
[Source "lmi"]
[SourceDate "2010.05.10"]

1. d4 Nf6 2. c4 c5 3. d5 e6 4. Nc3 exd5 5. cxd5 d6 6. Nf3 g6 7. Bf4 a6 8. a4
Bg7 9. h3 O-O 10. e3 Re8 11. Nd2 Nbd7 12. Be2 Ne5 13. O-O Nfd7 14. Qc2 f5 15.
Bg3 b6 16. b3 Nf6 17. Nc4 Nf7 18. Rab1 Bb7 19. b4 cxb4 20. Rxb4 Rc8 21. Rd1 a5
22. Rxb6 Rxc4 23. Rxb7 Rc5 24. Qd2 Nh5 25. Bxh5 Bxc3 26. Qd3 gxh5 27. Qxf5 Qf6
28. Qxh5 Qg6 29. Qxg6+ hxg6 30. Rd7 Be5 31. Bxe5 Rxe5 32. Rb1 Rcxd5 33. Rbb7
Rd1+ 34. Kh2 Rf5 35. f4 Rd2 36. h4 Ra2 37. Ra7 Rb2 38. Re7 Kg7 39. Kh3 Rb3 40.
g3 Kf8 41. Re6 Kg7 42. Kg2 Rf6 43. Re8 d5 44. Re5 Kg8 45. Ra8+ Kg7 46. Re7 Ra3
47. Rxa5 Kf8 48. Rd7 Rxe3 49. Raxd5 Rc6 50. Rd3 Rc3 51. Rxe3 Rxe3 52. Rd5 Ra3
53. a5 Nh6 54. Rg5 Kf7 55. h5 gxh5 56. Rxh5 Kg6 57. Rg5+ Kf6 58. g4 Nxg4 59.
Rxg4 Rxa5 60. Rg5 Rxg5+ 61. fxg5+ Kxg5 1/2-1/2

[Event "Fide Grand Prix Astrakhan 2010"]
[Site "Astrakhan RUS"]
[Date "2010.05.14"]
[Round "5.2"]
[White "Gashimov, Vugar"]
[Black "Akopian, Vladimir"]
[Result "1/2-1/2"]
[WhiteElo "2734"]
[BlackElo "2694"]
[PlyCount "66"]
[EventDate "2010.05.10"]
[EventType "tourn"]
[EventRounds "13"]
[EventCountry "RUS"]
[EventCategory "20"]
[Source "lmi"]
[SourceDate "2010.05.10"]

1. e4 e5 2. Nf3 Nc6 3. Bb5 a6 4. Ba4 Nf6 5. O-O Be7 6. Re1 b5 7. Bb3 d6 8. c3
O-O 9. h3 Na5 10. Bc2 c5 11. d4 Qc7 12. Nbd2 cxd4 13. cxd4 Nc6 14. a3 exd4 15.
Nb3 Bb7 16. Nbxd4 Nxd4 17. Nxd4 Rfe8 18. Bf4 Bf8 19. f3 Nh5 20. Bh2 g6 21. Bb3
Bg7 22. Kh1 Be5 23. Rc1 Qb6 24. Ne2 d5 25. Bxd5 Bxh2 26. Kxh2 Rad8 27. Nc3 Bxd5
28. Nxd5 Qb8+ 29. Kh1 Ng3+ 30. Kg1 Qa7+ 31. Kh2 Qb8 32. Kg1 Qa7+ 33. Kh2 Qb8
1/2-1/2

[Event "Fide Grand Prix Astrakhan 2010"]
[Site "Astrakhan RUS"]
[Date "2010.05.18"]
[Round "8.5"]
[White "Akopian, Vladimir"]
[Black "Inarkiev, Ernesto"]
[Result "1-0"]
[WhiteElo "2694"]
[BlackElo "2669"]
[PlyCount "206"]
[EventDate "2010.05.10"]
[EventType "tourn"]
[EventRounds "13"]
[EventCountry "RUS"]
[EventCategory "20"]
[Source "lmi"]
[SourceDate "2010.05.10"]

1. d4 d5 2. c4 c6 3. Nc3 Nf6 4. e3 g6 5. Nf3 Bg7 6. h3 O-O 7. Bd3 b6 8. O-O Bb7
9. e4 dxe4 10. Nxe4 Nbd7 11. Re1 Re8 12. Neg5 c5 13. d5 b5 14. b3 Nxd5 15. Nxf7
Kxf7 16. Ng5+ Kg8 17. Ne6 Nb4 18. Bxg6 hxg6 19. Bb2 Bxb2 20. Qb1 Nd3 21. Nxd8
Raxd8 22. Qxd3 Bxa1 23. Rxa1 Nf8 24. Qe2 bxc4 25. Qxc4+ Rd5 26. Qb5 Rb8 27. Re1
Kf7 28. Qa5 a6 29. Qc7 Nd7 30. Qf4+ Rf5 31. Qc7 Rd5 32. Rc1 Rd6 33. Rc4 Bd5 34.
Rf4+ Kg7 35. Qa5 Rf8 36. Qe1 Re6 37. Qc3+ Rff6 38. Rg4 Re4 39. Rg5 Rd4 40. b4
e6 41. bxc5 Rc4 42. Qe3 Nxc5 43. f3 Rff4 44. Qe5+ Rf6 45. Qe3 Rff4 46. Rg4 Rxg4
47. hxg4 Kf7 48. a3 a5 49. Qh6 Nd3 50. Qh7+ Kf6 51. Qh8+ Kf7 52. Qh7+ Kf6 53.
Qh8+ Kf7 54. g5 Nf4 55. Qf6+ Ke8 56. g3 Rc1+ 57. Kf2 Nh3+ 58. Ke3 Kd7 59. Qxg6
Ng1 60. Qg7+ Kd6 61. f4 Rf1 62. Qf8+ Kc6 63. g6 Rf3+ 64. Kd4 Rxg3 65. Ke5 Nf3+
66. Kf6 Nh4 67. Qe8+ Kc5 68. g7 e5 69. fxe5 Rf3+ 70. Kg5 Nf5 71. Qc8+ Kb6 72.
Qd8+ Kc5 73. Qxa5+ Kd4 74. Qxd5+ Kxd5 75. g8=Q+ Kxe5 76. Qe8+ Kd4 77. Qe2 Rxa3
78. Qb2+ Rc3 79. Kxf5 Kd3 80. Kf4 Rc4+ 81. Kf3 Rc5 82. Qb3+ Kd4 83. Qe3+ Kd5
84. Qe4+ Kd6 85. Qd4+ Rd5 86. Qf6+ Kc5 87. Ke4 Rd7 88. Qc3+ Kb5 89. Ke5 Kb6 90.
Ke6 Rc7 91. Qb4+ Kc6 92. Qd6+ Kb7 93. Kd5 Rh7 94. Qc6+ Kb8 95. Qb6+ Kc8 96.
Qe6+ Kb7 97. Kd6 Rg7 98. Qe4+ Kb8 99. Kc6 Rb7 100. Qe5+ Ka8 101. Qa1+ Kb8 102.
Qa5 Rb1 103. Qe5+ Ka8 1-0

[Event "Fide Grand Prix Astrakhan 2010"]
[Site "Astrakhan RUS"]
[Date "2010.05.21"]
[Round "10.6"]
[White "Gashimov, Vugar"]
[Black "Inarkiev, Ernesto"]
[Result "1-0"]
[WhiteElo "2734"]
[BlackElo "2669"]
[PlyCount "99"]
[EventDate "2010.05.10"]
[EventType "tourn"]
[EventRounds "13"]
[EventCountry "RUS"]
[EventCategory "20"]
[Source "lmi"]
[SourceDate "2010.05.10"]

1. e4 e5 2. Nf3 Nc6 3. Bb5 a6 4. Ba4 Nf6 5. O-O Be7 6. Re1 b5 7. Bb3 d6 8. c3
O-O 9. h3 Na5 10. Bc2 c5 11. d4 Qc7 12. d5 c4 13. b4 cxb3 14. axb3 Bd7 15. Bd3
Rfb8 16. Re2 Nb7 17. b4 Qc8 18. Rea2 Nd8 19. Ra3 Ne8 20. Nbd2 g6 21. Qe1 f5 22.
exf5 gxf5 23. c4 bxc4 24. Nxc4 Nf7 25. Bf1 Bf6 26. Bd2 Nc7 27. Rc1 Qd8 28. Na5
Nxd5 29. Bc4 Nb6 30. Ba2 d5 31. Be3 Qe8 32. Bxb6 Rxb6 33. Bxd5 Rab8 34. Nc4 Re6
35. Rd1 Rb5 36. Bxe6 Qxe6 37. Rad3 Bc6 38. Nd6 Bxf3 39. gxf3 Rb8 40. f4 e4 41.
Rg3+ Kf8 42. Nxf7 Kxf7 43. Qe2 Rb7 44. Qh5+ Kf8 45. Qh6+ Ke8 46. Rc1 Rf7 47.
Rg8+ Kd7 48. Rgc8 Qb6 49. Qh5 Rg7+ 50. Kh1 1-0

[Event "Fide Grand Prix Astrakhan 2010"]
[Site "Astrakhan RUS"]
[Date "2010.05.24"]
[Round "13.7"]
[White "Gelfand, Boris"]
[Black "Eljanov, Pavel"]
[Result "1/2-1/2"]
[WhiteElo "2741"]
[BlackElo "2751"]
[PlyCount "80"]
[EventDate "2010.05.10"]
[EventType "tourn"]
[EventRounds "13"]
[EventCountry "RUS"]
[EventCategory "20"]
[Source "lmi"]
[SourceDate "2010.05.10"]

1. d4 Nf6 2. c4 e6 3. Nc3 Bb4 4. e3 O-O 5. Bd3 d5 6. Nf3 c5 7. O-O Nc6 8. a3
Bxc3 9. bxc3 Qc7 10. cxd5 exd5 11. a4 Re8 12. Ba3 c4 13. Bc2 Bg4 14. Qe1 Bh5
15. Nh4 Ng4 16. g3 Bg6 17. Nxg6 hxg6 18. Qd2 Na5 19. Rae1 Nf6 20. f3 Nb3 21.
Qd1 Qa5 22. Bb4 Qxa4 23. e4 a5 24. Bd6 Re6 25. Be5 Qd7 26. Bxf6 Rxf6 27. e5 Rb6
28. f4 f5 29. exf6 Rxf6 30. Bxb3 cxb3 31. Qxb3 a4 32. Qb4 b6 33. Re5 Re6 34.
Ra1 Kh7 35. f5 gxf5 36. Rxf5 Rae8 37. Re5 Rxe5 38. dxe5 Rxe5 39. Qxa4 Qxa4 40.
Rxa4 Re3 1/2-1/2